• 首页
  • 本馆介绍
  • 公告通知
  • 最新文献
  • 馆藏检索
  • 电子资源
  • 读者导购
  • 参考咨询
  • 我的图书馆
  • 登录
  • 详细信息显示
  • 放入我的书架
  • 预约/预借图书
  • 作者相关作品
  • 分类相关作品
  • 丛书相关作品
  • 出版社相关作品

书目信息

  • 表格格式
  • 工作单格式
  • 卡片格式
题名:
定量遥感
    
 
作者: 梁顺林 , 李小文 , 王锦地 著
分册:  
出版信息: 北京   科学出版社  2013.05
页数: 18,717页
开本: 26cm
丛书名:
单 册:
中图分类: TP7
科图分类:
主题词: 遥感技术--研究 , 遥感技术
电子资源:
ISBN: 978-7-03-035700-7
000 01008nam0 2200289 450
001 012013126212
005 20140609155521.95
010    @a978-7-03-035700-7@dCNY118.00
100    @a20130702d2013 em y0chiy0110 ea
101 0  @achi
102    @aCN@b110000
105    @aafk z 000yy
106    @ar
200 1  @a定量遥感@9ding liang yao gan@e理念与算法@f梁顺林,李小文,王锦地等著
210    @a北京@c科学出版社@d2013.05
215    @a18,717页@c图,图版(30页)@d26cm
300    @a国家科学技术学术著作出版基金资助
330    @a本书论述从遥感观测数据提取地表特征参量信息的定量遥感理念和算法技术,综合介绍近年来定量遥感研究的主要成果和最新进展。
333    @a地学、遥感科学与技术相关专业博士、硕士研究生和大学本科高年级学生,遥感科学科研人员
606 0  @a遥感技术@x研究
606 0  @a遥感技术
690    @aTP7@v5
701  0 @a梁顺林@9liang shun lin@4著
701  0 @a李小文@9li xiao wen@4著
701  0 @a王锦地@9wang jin di@4著
801  0 @aCN@b人天书店@c20130702
905    @b549819-20@dTP7@e40@f2
    
    定量遥感:理念与算法/梁顺林,李小文,王锦地等著.-北京:科学出版社,2013.05
    18,717页:图,图版(30页);26cm
    国家科学技术学术著作出版基金资助.-使用对象:地学、遥感科学与技术相关专业博士、硕士研究生和大学本科高年级学生,遥感科学科研人员
    
    ISBN 978-7-03-035700-7:CNY118.00
    本书论述从遥感观测数据提取地表特征参量信息的定量遥感理念和算法技术,综合介绍近年来定量遥感研究的主要成果和最新进展。
●
相关链接 在E读中查询图书 在五车中查询图书 在当当中查询图书 在豆瓣中查询图书


正题名:定量遥感     索取号:TP7/40         预约/预借

序号 登录号 条形码 馆藏地/架位号 状态 备注
1 549819   205498193   第二样本阅览室/ [索取号:TP7/40] 在馆    
2 549820   205498200   第三借阅区/ [索取号:TP7/40] 在馆    
唐山师范学院图书馆 欢迎您!
大连网信软件有限公司© 版权所有